| 000 | 00438cam a2200169ua 4500 | ||
|---|---|---|---|
| 020 | _a0 471 52250 3 | ||
| 041 |
_aeng _h |
||
| 082 |
_a004.68 _bMAD/LO |
||
| 100 | _aMadron, Thomas W . | ||
| 245 |
_aLocal area networks: the next generation / _cThomas W Madron. _hTextual Documents |
||
| 250 |
_a2 / _b. |
||
| 260 |
_aLondon : _bJohn Wiley & Sons , _c1990. |
||
| 300 | _a306 ; . | ||
| 504 | _a | ||
| 942 | _cBK | ||
| 999 |
_c9790 _d9790 |
||